00561 2200205 4500001002100000008004100021035002000062245005200082100001900134250001000153260004800163300002700211020002200238084001600260520002700276082001000303650001800313990001200331990001200343INLIS000000000015119 ind  a0010-1222000198 aSamudracRani yuliyanty;editor; Safitri Lusiana aRANI, Yulianty acet.2 aBandung :bSygma Creative Media Corp,c2018 a29 hlm.: ilus.c27 cm. a978-979-055-524-2 a741.5 RAN s aBibliografi.:hlm 79-80 a741.5 aGAMBAR, KOMIK a10122 a a10122 b